=LDR 00000nam 2200000 4500 =001 INLIS000000000043854 =005 20200505110444 =035 ##$$a 0010-101300000001776 =008 200505################g##########0#ind## =041 ##$$a ind =082 ##$$a 2X0 =090 ##$$a 2X0, Nas t =100 #$$a Nasuka, H =245 1#$$a Teori sistem salah satu alternatif pendekatan dalam ilmu-ilmu agama Islam, /$c Dr. H. Nasuka =260 ##$$a Jakarta :$b Prenada media,$c 2005 =300 ##$$a xi, 100 hlm, ; $c 13 x 21 cm =650 #4$$a Islam =850 ##$$a NBPNMAT =020 ##$$a 979-3465-96-6 =084 ##$$a 2X0 NAS t =250 ##$$a cet.1 =990 ##$$a 0001/BPAP-NTB/2016 =990 ##$$a 20612211 =990 ##$$a 20612209